Statistics for K-Pop Song by Iconic English Lyrics

Click here to take the quiz!

General Stats

  • This quiz has been taken 175 times
  • The average score is 5 of 8

Answer Stats

QuestionAnswer% Correct
"Blue cheese, cheddar cheese, parmesan cheese, cheese."CHEESE- Stray Kids
96%
"Let's play forever I just wanna be your dog."Cat & Dog- TXT
84%
"Risky risky, wiggy wiggy, this is an emergency."I CAN'T STOP ME- TWICE
78%
"Yes I'm a bad boy, so I like bad girl."War of Hormone- BTS
68%
"Alright, 1, 2, 5."Really Bad Boy (RBB)- Red Velvet
55%
"Uh, and that's a long a** ride."The 7th Sense- NCT U
54%
"Roll up to the party, roll up, roll up Roll up to the party, roll up, roll up Roll up to the party Roll up, roll up to the party Roll up to the party Roll up, roll up to the, yeah, yeah, yeah (hoo!)"Sticker- NCT 127
46%
"Hello, finally introducing LOONA! Are you girls ready? Ok, let's go!"love4eva- LOONA/yyxy
26%

Score Distribution

Percentile by Number Answered

Percent of People with Each Score

Your Score History

You have not taken this quiz